| 000 | 00740cam a22002058a 4500 | ||
|---|---|---|---|
| 020 | _a9780273731122 (pbk.) | ||
| 082 | 0 | 0 |
_a658.5 _bCHR _cM-38,p-119 |
| 100 | 1 |
_aChristopher, Martin. _950863 |
|
| 245 | 1 | 0 |
_aLogistics and supply chain management : _bcreating value-adding networks / _cMartin Christopher. |
| 250 | _a4th ed. | ||
| 260 |
_aHarlow, England ; _aNew York : _bFinancial Times Prentice Hall, _c2011. |
||
| 300 | _ap. cm. | ||
| 500 | _aIncludes index. | ||
| 526 |
_a0 _b0 _c0 _d658_500000000000000_CHR |
||
| 526 |
_a0 _b0 _c0 _d658_500000000000000_CHR |
||
| 526 |
_a0 _b0 _c0 _d658_500000000000000_CHR |
||
| 650 | 0 |
_aBusiness logistics _xCost effectiveness. _950864 |
|
| 650 | 0 |
_aDelivery of goods _xManagement. _950865 |
|
| 942 |
_2ddc _cBK |
||
| 999 |
_c553593 _d553593 |
||